América Latina: la reorganización del sindicalismo libre y la política anti-OIT
Gorde:
| Formatua: | Liburua |
|---|---|
| Hizkuntza: | Spanish |
| Gaiak: | |
| Etiketak: |
Etiketa erantsi
Etiketarik gabe, Izan zaitez lehena erregistro honi etiketa jartzen!
|
MARC
| LEADER | 00000nam a22000007a 4500 | ||
|---|---|---|---|
| 003 | cru CIDCACS/IIS | ||
| 005 | 20220318062537.0 | ||
| 008 | 191202b ||||| |||| 00| 0 spa d | ||
| 999 | |c 42693 |d 42693 | ||
| 040 | |c cru CIDCACS/IIS | ||
| 245 | 0 | |a América Latina: la reorganización del sindicalismo libre y la política anti-OIT | |
| 300 | |a páginas 229 | ||
| 650 | 0 | |9 2228 |a SINDICALISMO | |
| 650 | 0 | |a TRABAJO |9 27 | |
| 651 | 0 | |9 17 |a AMERICA LATINA | |
| 773 | 0 | |0 42391 |9 3947 |a Agencia Latinoamericana de Información, ALAI |d Quito, Ecuador: ALAI |o 03975 |t ALAI: |x 08275564 (Servicio mensual de información y documentación) | |
| 942 | |2 ddc |c PP | ||
